Từ lịch sử và từ cổ trong tiểu thuyết Hồ Quý Ly của Nguyễn Xuân Khánh
Những vấn đề lí luận liên quan đến đề tài. Khảo sát từ lịch sử và từ cổ trong tiểu thuyết Hồ Quý Ly của Nguyễn Xuân Khánh. Vai trò của từ lịch sử và từ cổ trong thế giới nghệ thuật tiểu thuyết Hồ Quý Ly của Nguyễn Xuân Khánh...
Đã lưu trong:
| Príomhúdar: | |
|---|---|
| Údair Eile: | |
| Formáid: | Leabhar |
| Teanga: | Vietnamese |
| Foilsithe: |
Đà Nẵng
Đại học Sư phạm, Đại học Đà Nẵng
2013
|
| Ábhair: | |
| Clibeanna: |
Cuir Clib Leis
Gan Chlibeanna, Bí ar an gcéad duine leis an taifead seo a chlibeáil!
|
| Thư viện lưu trữ: | Mạng thư viện Đại học Đà Nẵng |
|---|
| LEADER | 01884nam a2200397 4500 | ||
|---|---|---|---|
| 001 | 000018998 | ||
| 003 | 15433 | ||
| 005 | 20140313090316.0 | ||
| 008 | 140226s2013 viesd | ||
| 041 | |a vie | ||
| 072 | |a VH | ||
| 082 | 1 | 4 | |a 895.922334 |b VU-H |
| 100 | 1 | |a Vũ Thị Hiền | |
| 245 | 1 | 0 | |a Từ lịch sử và từ cổ trong tiểu thuyết Hồ Quý Ly của Nguyễn Xuân Khánh |c Vũ Thị Hiền ; Bùi Trọng Ngoãn hướng dẫn |k Khóa luận tốt nghiệp |
| 260 | |a Đà Nẵng |b Đại học Sư phạm, Đại học Đà Nẵng |c 2013 | ||
| 300 | |a 64 tr. |c 29 cm. | ||
| 500 | |a Khóa luận tốt nghiệp đại học. Chuyên ngành: Cử nhân Văn học | ||
| 520 | |a Những vấn đề lí luận liên quan đến đề tài. Khảo sát từ lịch sử và từ cổ trong tiểu thuyết Hồ Quý Ly của Nguyễn Xuân Khánh. Vai trò của từ lịch sử và từ cổ trong thế giới nghệ thuật tiểu thuyết Hồ Quý Ly của Nguyễn Xuân Khánh | ||
| 600 | 1 | 4 | |a Nguyễn Xuân Khánh |d 1933- |t Hồ Quý Ly |
| 650 | 0 | 4 | |a Tiểu thuyết lịch sử |v Khóa luận tốt nghiệp |x Nguyễn Xuân Khánh |
| 653 | |a Khoa Ngữ văn | ||
| 653 | |a Tiểu thuyết lịch sử | ||
| 653 | |a Hồ Quý Ly | ||
| 653 | |a Tiểu thuyết Việt Nam | ||
| 653 | |a Văn học Việt Nam | ||
| 700 | 1 | |a Bùi Trọng Ngoãn |c TS. |e Hướng dẫn | |
| OWN | |a LSP | ||
| AVA | |a UDN50 |b LSP |d 895.922334 VU-H |e available |t Error 5001 Not defined in file expand_doc_bib_avail. |f 1 |g 0 |h N |i 0 |k 1 | ||
| 999 | |a From the UDN01 | ||
| AVA | |a UDN50 |b LSP |d 895.922334 VU-H |e available |t Error 5001 Not defined in file expand_doc_bib_avail. |f 1 |g 0 |h N |i 0 |k 1 | ||
| TYP | |a Monograph | ||
| TYP | |a Printed language | ||
| 980 | |a Mạng thư viện Đại học Đà Nẵng | ||